| 000 | 00602cam a2200181u 4500 | ||
|---|---|---|---|
| 001 | 000018366 | ||
| 005 | 20200929165457.0 | ||
| 008 | 840106s1970 fr a 000 0 fre | ||
| 040 |
_aDO-SdBNP _cCarP _dDLC _dBNPHU |
||
| 082 |
_a923.41 _bC485Pa |
||
| 100 | 1 |
_aCharriere, Henri, _d1906- _939772 |
|
| 245 | 1 | 0 |
_aPapillón / _cHenri Charriere. |
| 260 |
_aParis, : _bLe Livre de Poche, _c1970. |
||
| 300 |
_a698 p. ; _c20 cm. |
||
| 600 | 1 | 4 |
_aCHARRIERE, HENRI (PAPILLÓN), _d1906-1973 _xBIOGRAFÍ _913766 |
| 650 | 4 |
_aPrisioneros _zFrances De Guayana _xBiografía _913767 |
|
| 910 | _aCatalogación por derivada / LC | ||
| 999 |
_c17887 _d17887 |
||